Experimental methods for engineers (Record no. 4826)

000 -LEADER
fixed length control field 00561nam a22002057a 4500
001 - CONTROL NUMBER
control field 4826
003 - CONTROL NUMBER IDENTIFIER
control field BD-DhUET
008 - FIXED-LENGTH DATA ELEMENTS--GENERAL INFORMATION
fixed length control field 141120b xxu||||| |||| 00| 0 eng d
020 ## - INTERNATIONAL STANDARD BOOK NUMBER
International Standard Book Number 0071133542
040 ## - CATALOGING SOURCE
Transcribing agency 0
Modifying agency BD-DhUET
082 ## - DEWEY DECIMAL CLASSIFICATION NUMBER
Classification number 620.072
Item number HOL/1994
100 ## - MAIN ENTRY--PERSONAL NAME
Personal name Holman, J. P.
245 ## - TITLE STATEMENT
Title Experimental methods for engineers
Statement of responsibility, etc. by J. P. Holman
250 ## - EDITION STATEMENT
Edition statement 6th ed.
260 ## - PUBLICATION, DISTRIBUTION, ETC. (IMPRINT)
Place of publication, distribution, etc. New York
Name of publisher, distributor, etc. McGraw-Hill
Date of publication, distribution, etc. 1994
300 ## - PHYSICAL DESCRIPTION
Extent xviii,616p.
Other physical details ill.
490 ## - SERIES STATEMENT
Series statement McGraw-Hill series in Mechanical Engineering
650 #0 - SUBJECT ADDED ENTRY--TOPICAL TERM
Topical term or geographic name as entry element Engineering-Laboratory manuals
942 ## - ADDED ENTRY ELEMENTS (KOHA)
Koha item type General Book
Holdings
Koha date last borrowed Damaged status Location (home branch) Not for loan Koha full call number Koha normalized classification for sorting Piece designation (barcode) Source of classification or shelving scheme Koha date last seen Koha item type Lost status Shelving location Price effective from Withdrawn status Koha issues (times borrowed) Date acquired Sublocation or collection (holding branch) Copy number
2019-10-01 Central Library, BUET 620.072/HOL/1994620_072000000000000_HOL_199494491 2020-01-18General Book Circulation section2014-11-20 32014-11-20Central Library, BUET1
  Central Library, BUET 620.072/1994/HOL620_072000000000000_1994_HOL94489 2015-06-14General Book Circulation section2015-06-14  2015-06-14Central Library, BUET2
2024-01-15 Central Library, BUET 620.072/1994/HOL620_072000000000000_1994_HOL94490 2024-01-27General Book Circulation section2015-07-26 42015-07-26Central Library, BUET3